000 00862nam a2200217 i 4500
001 124808
003 ES-MaACL
005 20230906192513.0
007 t|
008 070420s1941 sp ||||1| spa d
100 1 _aTorres Marty, Luis.
_9110984
245 1 3 _aEl primer semestre de la vida en el niño español /
_cpor Luis Torres Marty, Félix Gil Ossorio ; con unas consideraciones finales por Joaquín Espinosa Ferrándiz.
260 _aMadrid :
_b[s.n.],
_c1941 (
_fSobrinos Sucesores de Minuesa de los Ríos)
300 _a28 p. ;
_c20 cm.
490 1 _aPublicaciones del Instituto Nacional de Previsión ;
_v522
700 1 _aGil Ossorio, Félix.
_956854
700 0 _aEspinosa Ferrándiz, Joaquín.
_947913
830 0 _aPublicaciones del Instituto Nacional de Previsión ;
_v522
_9181151
852 _aES-MaACL
_jC-12651(14)
999 _c124808
_d124808